<?xml version="1.0" encoding="UTF-8"?>
<record
    xmlns:xsi="http://www.w3.org/2001/XMLSchema-instance"
    xsi:schemaLocation="http://www.loc.gov/MARC21/slim http://www.loc.gov/standards/marcxml/schema/MARC21slim.xsd"
    xmlns="http://www.loc.gov/MARC21/slim">

  <leader>02594cam a2200289 a 4500</leader>
  <controlfield tag="001">15945928</controlfield>
  <controlfield tag="005">20100831125919.0</controlfield>
  <controlfield tag="008">091015s2011    dcu      b    001 0 eng  </controlfield>
  <datafield tag="020" ind1=" " ind2=" ">
    <subfield code="a">9780872899667 (alk. paper)</subfield>
  </datafield>
  <datafield tag="040" ind1=" " ind2=" ">
    <subfield code="a">DLC</subfield>
    <subfield code="c">DLC</subfield>
  </datafield>
  <datafield tag="082" ind1="0" ind2="0">
    <subfield code="a">344.046</subfield>
    <subfield code="2">22</subfield>
    <subfield code="b">GLO</subfield>
  </datafield>
  <datafield tag="245" ind1="0" ind2="4">
    <subfield code="a">The global environment :</subfield>
    <subfield code="b">institutions, law, and policy /</subfield>
    <subfield code="c">edited by Regina S. Axelrod, Stacy D. VanDeveer, David Leonard Downie.</subfield>
  </datafield>
  <datafield tag="250" ind1=" " ind2=" ">
    <subfield code="a">3rd ed.</subfield>
  </datafield>
  <datafield tag="260" ind1=" " ind2=" ">
    <subfield code="a">Washington, DC :</subfield>
    <subfield code="b">CQ Press,</subfield>
    <subfield code="c">c2011.</subfield>
  </datafield>
  <datafield tag="300" ind1=" " ind2=" ">
    <subfield code="a">xxii, 378 p. ;</subfield>
    <subfield code="c">23 cm.</subfield>
  </datafield>
  <datafield tag="504" ind1=" " ind2=" ">
    <subfield code="a">Includes bibliographical references and index.</subfield>
  </datafield>
  <datafield tag="505" ind1="0" ind2=" ">
    <subfield code="a">Introduction: governing the international environment / Regina Axelrod, Stacy D. VanDeveer and Norman J. Vig -- Global institutions and the environment : an evolutionary perspective / Marvin S. Soroos -- Environmental protection in the twenty-first century : the role of international law / Jacqueline Peel -- Global environmental policy : governance through regimes / David Leonard Downie -- The role of environmental NGOs in international regimes / John McCormick -- International climate change policy : towards the multilevel governance of global warming / Michele M. Betsill -- Global politics and policy of hazardous chemicals / Henrik Selin -- Economic integration and environmental protection / Daniel C. Esty -- Compliance with global environmental policy / Michael Faure and J&#xFFFD;urgen Lefevere -- The United States and global environmental politics : domestic sources of U.S. unilateralism / Elizabeth R. DeSombre -- Environmental policy-making in the European Union system -- The view from the south : developing countries in global environmental politics / Adil Najam -- Energy and environment in China : achievements and enduring challenges / Joanna I. Lewis and Kelly Sims Gallagher -- Democracy and nuclear power : the Czech case and the global nuclear renaissance / Regina S. Axelrod -- Consumption, commodity chains, and the global environment / Stacy D. VanDeveer.</subfield>
  </datafield>
  <datafield tag="650" ind1=" " ind2="0">
    <subfield code="a">Environmental law, International.</subfield>
    <subfield code="9">28567</subfield>
  </datafield>
  <datafield tag="650" ind1=" " ind2="0">
    <subfield code="a">Environmental policy.</subfield>
    <subfield code="9">28568</subfield>
  </datafield>
  <datafield tag="653" ind1=" " ind2=" ">
    <subfield code="b">Eco</subfield>
    <subfield code="c">February2012</subfield>
  </datafield>
  <datafield tag="700" ind1="1" ind2=" ">
    <subfield code="a">Axelrod, Regina S.</subfield>
    <subfield code="9">28569</subfield>
  </datafield>
  <datafield tag="700" ind1="1" ind2=" ">
    <subfield code="a">VanDeveer, Stacy D.</subfield>
    <subfield code="9">28570</subfield>
  </datafield>
  <datafield tag="700" ind1="1" ind2=" ">
    <subfield code="a">Downie, David Leonard.</subfield>
    <subfield code="9">28571</subfield>
  </datafield>
  <datafield tag="942" ind1=" " ind2=" ">
    <subfield code="2">ddc</subfield>
    <subfield code="c">ARCH</subfield>
  </datafield>
  <datafield tag="999" ind1=" " ind2=" ">
    <subfield code="c">16376</subfield>
    <subfield code="d">16376</subfield>
  </datafield>
  <datafield tag="952" ind1=" " ind2=" ">
    <subfield code="0">0</subfield>
    <subfield code="1">0</subfield>
    <subfield code="2">ddc</subfield>
    <subfield code="4">0</subfield>
    <subfield code="7">0</subfield>
    <subfield code="8">Baccah</subfield>
    <subfield code="a">MAIN</subfield>
    <subfield code="b">MAIN</subfield>
    <subfield code="c">1ST</subfield>
    <subfield code="d">2012-02-01</subfield>
    <subfield code="e">purchase</subfield>
    <subfield code="g">354.00</subfield>
    <subfield code="h">13955</subfield>
    <subfield code="l">3</subfield>
    <subfield code="m">72</subfield>
    <subfield code="o">344.046 GLO</subfield>
    <subfield code="p">000025969</subfield>
    <subfield code="q">2026-05-17</subfield>
    <subfield code="r">2026-05-04 00:00:00</subfield>
    <subfield code="s">2026-05-04</subfield>
    <subfield code="y">BB</subfield>
  </datafield>
</record>
